Agrometeorological observations (Record no. 54001)

MARC details
000 -LEADER
fixed length control field 00369nam a2200157Ia 4500
100 ## - MAIN ENTRY--AUTHOR NAME
Personal name Baby U I
245 #0 - TITLE STATEMENT
Title Agrometeorological observations
260 ## - PUBLICATION, DISTRIBUTION, ETC. (IMPRINT)
Name of publisher Planters Chronicle
Year of publication 2000
300 ## - PHYSICAL DESCRIPTION
Number of Pages 375-388
650 ## - SUBJECT ADDED ENTRY--TOPICAL TERM
Topical Term Agrometeorology
650 ## - SUBJECT ADDED ENTRY--TOPICAL TERM
Topical Term Tea
700 ## - ADDED ENTRY--PERSONAL NAME
Personal name Ajay D
700 ## - ADDED ENTRY--PERSONAL NAME
Personal name Premakumar R
942 ## - ADDED ENTRY ELEMENTS (KOHA)
Koha item type Journals
Holdings
Withdrawn status Lost status Damaged status Not for loan Home library Current library Shelving location Date acquired Serial Enumeration / chronology Koha item type
      Journals RRII Library RRII Library Soils and agonomy 17/12/2021 Volume 96, Issue 8 Journals